Loading...
| Science - Chemistry | 0 | 4 | 0 | 1 | 40 | 111 | 122.00 | 0 | 0 |
| Social Science | 0 | 5 | 2 | 0 | 40 | 76 | 116.80 | 0 | 0 |
| Science - Other Science | 0 | 5 | 3 | 2 | 35 | 100 | 123.60 | 0 | 0 |
| Philosophy | 0 | 3 | 0 | 0 | 30 | 77 | 109.00 | 1 | 1 |
| Geography | 0 | 3 | 0 | 1 | 30 | 136 | 139.33 | 0 | 0 |
| Mythology | 0 | 2 | 0 | 0 | 20 | 137 | 139.50 | 0 | 0 |
| Other Academic | 0 | 2 | 0 | 1 | 20 | 111 | 117.50 | 0 | 0 |
| Current Events | 0 | 2 | 0 | 1 | 20 | 111 | 121.50 | 0 | 0 |
| Fine Arts - Classical Music | 0 | 2 | 0 | 1 | 20 | 86 | 107.50 | 0 | 1 |
| Fine Arts - Other Fine Arts | 0 | 2 | 0 | 0 | 20 | 67 | 94.50 | 0 | 1 |
| History - European History | 0 | 2 | 0 | 0 | 20 | 73 | 73.50 | 1 | 1 |
| History - Other History | 0 | 2 | 0 | 1 | 20 | 128 | 130.50 | 0 | 0 |
| History - World History | 0 | 2 | 1 | 0 | 15 | 123 | 131.50 | 0 | 0 |
| Religion | 0 | 2 | 2 | 2 | 10 | 141 | 146.00 | 0 | 0 |
| Literature - World Literature | 0 | 1 | 0 | 0 | 10 | 139 | 139.00 | 0 | 0 |
| Literature - European Literature | 0 | 1 | 0 | 0 | 10 | 70 | 70.00 | 1 | 1 |
| Science - Physics | 0 | 3 | 4 | 1 | 10 | 122 | 128.00 | 0 | 0 |
| Science - Biology | 0 | 1 | 1 | 1 | 5 | 123 | 123.00 | 0 | 0 |
| Literature - British Literature | 0 | 0 | 0 | 0 | 0 | 0.00 | 0 | 0 |